| 000 -LEADER |
| fixed length control field |
03235cam a22004815i 4500 |
| 001 - CONTROL NUMBER |
| control field |
8560851 |
| 003 - CONTROL NUMBER IDENTIFIER |
| control field |
OSt |
| 005 - DATE AND TIME OF LATEST TRANSACTION |
| control field |
20211027154431.0 |
| 006 - FIXED-LENGTH DATA ELEMENTS--ADDITIONAL MATERIAL CHARACTERISTICS |
| fixed length control field |
m d |
| 007 - PHYSICAL DESCRIPTION FIXED FIELD--GENERAL INFORMATION |
| fixed length control field |
cr n |
| 008 - FIXED-LENGTH DATA ELEMENTS--GENERAL INFORMATION |
| fixed length control field |
100927s2011 xxu| s |||| 0|eng d |
| 020 ## - INTERNATIONAL STANDARD BOOK NUMBER |
| International Standard Book Number |
9781441979278 |
| 024 7# - OTHER STANDARD IDENTIFIER |
| Standard number or code |
10.1007/978-1-4419-7928-5 |
| Source of number or code |
doi |
| 035 ## - SYSTEM CONTROL NUMBER |
| System control number |
(WaSeSS)ssj0000449030 |
| 038 ## - RECORD CONTENT LICENSOR |
| Staff Name |
khadija |
| 040 ## - CATALOGING SOURCE |
| Modifying agency |
WaSeSS |
| Transcribing agency |
. |
| 050 #4 - LIBRARY OF CONGRESS CALL NUMBER |
| Classification number |
TK7888.4 |
| 050 #4 - LIBRARY OF CONGRESS CALL NUMBER |
| Classification number |
TK7895.G36 |
| 072 #7 - SUBJECT CATEGORY CODE |
| Subject category code |
TJFC |
| Source |
bicssc |
| 072 #7 - SUBJECT CATEGORY CODE |
| Subject category code |
TEC008010 |
| Source |
bisacsh |
| 082 04 - DEWEY DECIMAL CLASSIFICATION NUMBER |
| Classification number |
621.395 |
| Edition number |
23 |
| Author Mark |
PAR |
| 100 1# - MAIN ENTRY--PERSONAL NAME |
| Personal name |
Parvez, Husain. |
| Relator term |
author. |
| 9 (RLIN) |
83473 |
| 210 10 - ABBREVIATED TITLE |
| Abbreviated title |
Application-Specific Mesh-based Heterogeneous FPGA Architectures |
| 245 10 - TITLE STATEMENT |
| Title |
Application-Specific Mesh-based Heterogeneous FPGA Architectures / |
| Statement of responsibility, etc. |
by Husain Parvez, Habib Mehrez. |
| 505 0# - FORMATTED CONTENTS NOTE |
| Formatted contents note |
Introduction -- State of the Art -- FPGA Layout Generation -- ASIF: Application Specific Inflexible FPGA -- ASIF using Heterogeneous Logic Blocks -- ASIF Hardware Generation -- Conclusion and Future Lines of Research. |
| 506 ## - RESTRICTIONS ON ACCESS NOTE |
| Terms governing access |
License restrictions may limit access. |
| 520 ## - SUMMARY, ETC. |
| Summary, etc. |
Low volume production of FPGA-based products is quite effective and economical because they are easy to design and program in the shortest amount of time. The generic reconfigurable resources in an FPGA can be programmed to execute a wide variety of applications at mutually exclusive times. However, the flexibility of FPGAs makes them much larger, slower, and more power consuming than their counterpart ASICs. Consequently, FPGAs are unsuitable for applications requiring high volume production, high performance or low power consumption. This book presents a new exploration environment for mesh-based, heterogeneous FPGA architectures. It describes state-of-the-art techniques for reducing area requirements in FPGA architectures, which also increase performance and enable reduction in power required. Coverage focuses on reduction of FPGA area by introducing heterogeneous hard-blocks (such as multipliers, adders etc) in FPGAs, and by designing application specific FPGAs. Automatic FPGA layout generation techniques are employed to decrease non-recurring engineering (NRE) costs and time-to-market of application-specific, heterogeneous FPGA architectures. Presents a new exploration environment for mesh-based, heterogeneous FPGA architectures; Describes state-of-the-art techniques for reducing area requirements in FPGA architectures; Enables reduction in power required and increase in performance. |
| 563 ## - BINDING INFORMATION |
| Binding note |
Hardcover |
| 650 #0 - SUBJECT ADDED ENTRY--TOPICAL TERM |
| Topical term or geographic name entry element |
Engineering. |
| 650 #0 - SUBJECT ADDED ENTRY--TOPICAL TERM |
| Topical term or geographic name entry element |
Electronics. |
| 650 #0 - SUBJECT ADDED ENTRY--TOPICAL TERM |
| Topical term or geographic name entry element |
Systems engineering. |
| 9 (RLIN) |
1386 |
| 650 14 - SUBJECT ADDED ENTRY--TOPICAL TERM |
| Topical term or geographic name entry element |
Engineering. |
| 9 (RLIN) |
83474 |
| 650 24 - SUBJECT ADDED ENTRY--TOPICAL TERM |
| Topical term or geographic name entry element |
Circuits and Systems. |
| 9 (RLIN) |
81558 |
| 650 24 - SUBJECT ADDED ENTRY--TOPICAL TERM |
| Topical term or geographic name entry element |
Electronics and Microelectronics, Instrumentation. |
| 9 (RLIN) |
83475 |
| 700 1# - ADDED ENTRY--PERSONAL NAME |
| Personal name |
Mehrez, Habib. |
| Relator term |
author. |
| 9 (RLIN) |
83476 |
| 710 2# - ADDED ENTRY--CORPORATE NAME |
| Corporate name or jurisdiction name as entry element |
SpringerLink (Online service) |
| 9 (RLIN) |
81564 |
| 773 0# - HOST ITEM ENTRY |
| Title |
Springer eBooks |
| 773 #0 - HOST ITEM ENTRY |
| Title |
SpringerLink ebooks - Engineering (2011) |
| 776 08 - ADDITIONAL PHYSICAL FORM ENTRY |
| Relationship information |
Printed edition: |
| International Standard Book Number |
9781441979278 |
| 856 40 - ELECTRONIC LOCATION AND ACCESS |
| Uniform Resource Identifier |
<a href="http://www.columbia.edu/cgi-bin/cul/resolve?clio8560851">http://www.columbia.edu/cgi-bin/cul/resolve?clio8560851</a> |
| Public note |
Full text available from SpringerLink ebooks - Engineering (2011) |
| 910 ## - USER-OPTION DATA (OCLC) |
| User-option data |
Vendor-generated brief record |
| 942 ## - ADDED ENTRY ELEMENTS (KOHA) |
| Source of classification or shelving scheme |
|
| Koha item type |
Book |